000 00521nam a2200181Ia 4500
005 20250326125705.0
008 250326s9999 xx 000 0 und d
037 _aTextbook
040 _aFMSL
_beng
_cFMSL
041 _aeng
_2eng
084 _aX7281 K7
_qFMSL
100 _aLewis B N
_9739209
245 0 _aFlow charts, logical trees and algorithms for rules and regulations
_cLewis B N
260 _aLondon
_bLondon, HMSO
_c1967
300 _a27p
942 _cTB
_hX7281 K7
999 _c1279134
_d1279134